01040 2200313 4500001002100000005001500021035002000036007000300056008004100059040002200100082001500122084001700137090002000154100002900174245011100203300002400314500004200338500003900380650002300419850001200442264006900454264006900523336002100592337003000613338002300643990002000666990002000686990002000706INLIS00000000086372320210816110640 a0010-0821000422ta210816s2019 jbi f ind d aYOPDYOGbinderda04223a028.55 a028.55 ANI s aBR 028.55 ANI s0 aAnisa Widiyartiepenulis10aSang maha pengasih :bkumpulan kisah anak baik yang mendapat pertolongan Allah /cpenulis, Anisa Widiyarti a67 halaman ;c30 cm abuku yang diterima: jilid 1, 2 (2019) abuku yang diterima: jilid 1 (2020) 4aBacaan kanak-kanak aYOPDYOG31aCimahi :bBalai Literasi Braille Indonesia (BLBI) Abiyoso,c201931aCimahi :bBalai Literasi Braille Indonesia (BLBI) Abiyoso,c2020 2rdacontentateks 2rdamediaatanpa perantara 2rdacarrieravolume a67649-PD/A.2021 a67650-PD/A.2021 a67651-PD/A.2021